Normal view
MARC view
Entry Personal Name
001 - CONTROL NUMBER
- control field: 163746
003 - CONTROL NUMBER IDENTIFIER
- control field: OSt
005 - DATE AND TIME OF LATEST TRANSACTION
- control field: 20220923215331.0
008 - FIXED-LENGTH DATA ELEMENTS
- fixed length control field: 220923|| aca||aabn | a|a d
040 ## - CATALOGING SOURCE
- Original cataloging agency: OSt
- Transcribing agency: OSt
100 ## - HEADING--PERSONAL NAME
- Personal name: शर्मा, राजेन्द्र; दीक्षित, प्रकाश
670 ## - SOURCE DATA FOUND
- Source citation: Work cat.: (OSt)331229: शर्मा, राजेन्द्र; दीक्षित, प्रकाश, महाकवि चन्द्वरदायी और पद्मावती - समय, 1952
